000 01221nam a22002175i 4500
001 151699
003 ES-MaACL
005 20251015063134.0
008 971014s1796 sp ab |||| | fre d
040 _aAN
_bspa
_cCCPB
100 1 _aBarthélemy, Jean-Jacques,
_d1716-1795
_9125841
245 1 0 _aVoyage du jeune Anacharsis en Grèce
_b: dans le milieu du quatrieme siecle avant l´ere vulgaire /
_cpar M. l´abbe Barthelemy.
260 _aA Madrid :
_bde l´imprimerie de Benoît Cano,
_c1796.
300 _a9 v. (XLIV, XII, 341 p., [1] h. de grab. pleg. ; [6], 344 p. ; [6], 343 p. ; [6], 340 p. ; [6], 364 p. ; [6], 351 p. ; [6], 374 p. ; [4], 372 p. ; [4], IV, 287 p.) ;
_c12 cm.
597 _aSign.: a-b8, c6, *6, A-X8, Y3 ; [ ]3, A-X4, Y4 ; [ ]3, a-x8, y4 ; [ ]3, A-X8, Y2 ; [ ]3, A-Y8, Z6 ; [ ]3, A-Y8 ; [ ]3, A-Z8, 2A3 ; [ ]2, A-Z8, 2A2 ; [ ]4, A-S8.
597 _aAntep.
599 _aEn el vol. 1º, map. pleg. por M. Barbié du Bocage.
651 _aGrecia-
_xDescripción.
_98776
852 _aES-MaACL
_jR-507-15
_z-- Enc. pasta española
_x-- Edic.: existen al menos dos ed.d. con el mismo pie de imp., variando en la pag.
_x Olim: F- 9621-29
999 _c151699
_d151699